[Event "Lund op"]
[Site "Lund"]
[Date "2017.03.07"]
[Round "4"]
[White "Karlsson, Elias"]
[Black "Eriksson, Karl"]
[Result "1-0"]
[WhiteElo "1731"]
[BlackElo "1634"]
[PlyCount "81"]
[EventDate "2017.02.07"]
[EventType "swiss"]
[EventRounds "7"]
[EventCountry "SWE"]
[SourceTitle "EXT 2019"]
[Source "ChessBase"]
[SourceDate "2018.10.10"]
[SourceVersion "1"]
[SourceVersionDate "2018.10.10"]
[SourceQuality "1"]

1. e4 c5 2. Nf3 e6 3. d4 cxd4 4. Nxd4 Nc6 5. Nc3 Qc7 6. g3 a6 7. Bg2 Nf6 8. 0-0 Be7 9. Nde2 0-0 10. Bf4 d6 11. h3 Bd7 12. g4 Rad8 13. Ng3 Ne8 14. Nce2 f5 15. exf5 exf5 16. Qd5+ Kh8 17. Nxf5 Bxf5 18. gxf5 Bf6 19. c3 Be5 20. Bg5 Rd7 21. f4 Bf6 22. Kh1 Ne7 23. Qd3 Qc5 24. Ng3 d5 25. Rad1 h6 26. h4 Qb6 27. Rd2 Nd6 28. Bxf6 Rxf6 29. Bxd5 Ndxf5 30. c4 Nxg3+ 31. Qxg3 Nf5 32. Qh3 Qd8 33. Rg2 b5 34. b3 bxc4 35. bxc4 Re7 36. Rf3 Qb6 37. Qg4 Qb8 38. Rb3 Qe8 39. h5 Ne3 40. Rxe3 Rxe3 41. Qxg7# 1-0